| 000 | 00571nam a22002177a 4500 | ||
|---|---|---|---|
| 003 | OSt | ||
| 005 | 20140310182958.0 | ||
| 008 | 130208t xxu||||| |||| 00| 0 eng d | ||
| 020 | _a9712304663 | ||
| 050 |
_aBF 769 _b.Si621 1978 |
||
| 082 |
_aF 55 _b.Si7 2003 |
||
| 245 |
_aChild growth and development / _cSiruno, Rufino S. |
||
| 260 |
_aRecto, Manila _bRex Book Store _cc1978 |
||
| 300 |
_aix, 168 p. _c22 cm. |
||
| 521 | _acollege students | ||
| 526 | _c1210L-1700L | ||
| 541 | _j1 | ||
| 541 | _j2 | ||
| 562 | _e2 | ||
| 942 |
_2lcc _cBK _kPSYCH-FIL |
||
| 999 |
_c18055 _d18055 |
||